| 000 | 00581nam a22001697a 4500 | ||
|---|---|---|---|
| 005 | 20231025081959.0 | ||
| 008 | 231025b |||||||| |||| 00| 0 eng d | ||
| 020 | _a9780409012415 ; 9780409044249 | ||
| 041 | _aEnglish | ||
| 082 | _a347.1 JOF | ||
| 100 |
_aNeukircher B, Fourie HR and Haupt LC _lEnglish |
||
| 245 |
_aHigh Court Motion Procedure : _bA Practical Guide / _cB Neukircher, Fourie HR and LC Haupt |
||
| 260 |
_aDurban : _bLexisNexis (Pty) Ltd, _c2021 |
||
| 300 |
_bvii, 117 pages ; _c26 cm. |
||
| 650 |
_aLegal practice _bLaw |
||
| 942 |
_cBK _6ALISON_BN_VRIES |
||
| 999 |
_c43 _d43 |
||